Novel by Protagonist Quiz Stats

 Plays Quiz Updated Oct 16, 2018

     
Support Sporcle.
Go Orange.
Score 0/26 Timer 08:00
0 Plays Today
Protagonist Novel % Correct
Scout FinchTo Kill a Mockingbird
84.1%
IshmaelMoby-Dick
83.1%
Holden CaulfieldThe Catcher in the Rye
82.3%
Scarlett O'HaraGone With the Wind
81.9%
MowgliThe Jungle Book
80.1%
Josephine March (Jo)Little Women
62.8%
Hester PrynneThe Scarlet Letter
62.8%
HeathcliffWuthering Heights
62.2%
Philip Pirrip (Pip)Great Expectations
52.9%
Professor Aronnax20,000 Leagues Under the Sea
41.1%
Rodion Romanovich RaskolnikovCrime and Punishment
38.9%
Winston SmithNineteen Eighty-Four
36.8%
Randle Patrick McMurphyOne Flew Over the Cuckoo's Nest
27.9%
Protagonist Novel % Correct
Billy PilgrimSlaughterhouse-Five
24.6%
Leopold BloomUlysses
22%
Howard RoarkThe Fountainhead
18.7%
Becky SharpVanity Fair
16.2%
Dean MoriartyOn the Road
15.7%
BuckThe Call of the Wild
14.4%
MeursaultThe Stranger
13%
Ignatius J. ReillyA Confederacy of Dunces
11.8%
Bigger ThomasNative Son
9.1%
Esther GreenwoodThe Bell Jar
6.7%
Isabel ArcherThe Portrait of a Lady
5.8%
Hiroaki 'Hiro' ProtagonistSnow Crash
4.5%
Oskar MatzerathThe Tin Drum
3.7%

From the Vault

Baby Names: The Bible

by Flick

Not as many people are naming their kids 'God' these days.
Remove Ads.
Support Sporcle.
Get the best of Sporcle when you Go Orange. This ad-free experience offers more features, more stats, and more fun while also helping to support Sporcle. Thank you for becoming a member.

Show Comments

Extras

Top Quizzes Today


Score Distribution

Your Account Isn't Verified!

In order to create a playlist on Sporcle, you need to verify the email address you used during registration. Go to your Sporcle Settings to finish the process.

Report this User

Report this user for behavior that violates our Community Guidelines.

Details: